[Event "4NCL Division 2d"]
[Site "Hinckley Island ENG"]
[Date "2014.05.03"]
[Round "9.73"]
[White "Byway, Paul V"]
[Black "Berry, Neil"]
[Result "0-1"]
[WhiteElo "2122"]
[BlackElo "2201"]
[PlyCount "96"]
[EventDate "2014.05.03"]
[WhiteTeam "Poisoned Pawns"]
[BlackTeam "Barbican 4NCL Youth"]

1. Nf3 d5 2. g3 Nf6 3. Bg2 c6 4. d3 Bg4 5. Nbd2 Nbd7 6. c3 e5 7. Qc2 Bd6 8. O-O
O-O 9. e4 a5 10. h3 Bh5 11. a4 Re8 12. Re1 Qc7 13. Nh4 Nc5 14. b3 Rad8 15. Bb2
Bf8 16. Bf1 dxe4 17. dxe4 Rxd2 18. Qxd2 Nxb3 19. Qc2 Nxa1 20. Rxa1 Rd8 21. Re1
Bc5 22. Bc1 Ne8 23. Be3 Bxe3 24. Rxe3 f6 25. Bc4+ Bf7 26. Qb3 g6 27. Re1 Nd6
28. Bxf7+ Nxf7 29. Ng2 Kg7 30. f4 Rd2 31. Rf1 Qe7 32. Ne3 Qc5 33. Re1 exf4 34.
gxf4 Qh5 35. Nf1 Rd3 36. Re3 Rxe3 37. Nxe3 Qxh3 38. Kf2 Nd6 39. Qc2 Qh4+ 40.
Kf3 Qh3+ 41. Kf2 Qh4+ 42. Kf3 Qh1+ 43. Qg2 Qxg2+ 44. Nxg2 Nc4 45. Ne3 Nxe3 46.
Kxe3 b5 47. Kd4 bxa4 48. c4 h5 0-1

[Event "4NCL Division 2d"]
[Site "Hinckley Island ENG"]
[Date "2014.05.03"]
[Round "9.74"]
[White "Poobalasingam, Peter S"]
[Black "Goodger, Martyn"]
[Result "1-0"]
[WhiteElo "2239"]
[BlackElo "2110"]
[PlyCount "123"]
[EventDate "2014.05.03"]
[WhiteTeam "Barbican 4NCL Youth"]
[BlackTeam "Poisoned Pawns"]

1. Nf3 f5 2. d3 Nc6 3. e4 e5 4. exf5 d5 5. Qe2 Nf6 6. Nxe5 Nxe5 7. f4 Bc5 8.
fxe5 O-O 9. Bg5 Bxf5 10. Nd2 Qd7 11. h3 Rae8 12. O-O-O d4 13. g4 Bg6 14. Bxf6
gxf6 15. Ne4 Bxe4 16. Qxe4 Rxe5 17. Qxb7 Bb6 18. Bg2 Kh8 19. Rhe1 Ra5 20. Qc6
Qf7 21. Qe6 Rxa2 22. Qxf7 Ra1+ 23. Kd2 Rxd1+ 24. Kxd1 Rxf7 25. Re8+ Kg7 26. Be4
c5 27. Bd5 Rd7 28. Be6 Rb7 29. Ke2 Ba5 30. b3 Rc7 31. Kf3 Bd2 32. Ke4 Bg5 33.
Kd5 Bf4 34. Ke4 Bg5 35. Kd5 Bf4 36. Rd8 Kh6 37. Bd7 Kg5 38. Ke6 Be5 39. Rg8+
Kf4 40. Bb5 Rb7 41. Bc4 Kg3 42. g5 Rb6+ 43. Kf5 Kxh3 44. Rg7 fxg5 45. Rxh7+ Kg2
46. Kxe5 g4 47. Rg7 g3 48. Bd5+ Kf2 49. Be4 a5 50. Kd5 a4 51. bxa4 Ra6 52. Kxc5
Rxa4 53. Rd7 Ra2 54. Kxd4 Rxc2 55. Rg7 Rc8 56. Ke5 Re8+ 57. Kd4 Rd8+ 58. Kc3
Rc8+ 59. Kd2 Rd8 60. Rf7+ Kg1 61. Ke2 Rh8 62. Rf1+ 1-0

[Event "4NCL Division 2d"]
[Site "Hinckley Island ENG"]
[Date "2014.05.03"]
[Round "9.75"]
[White "Rosen, Daniel B"]
[Black "Moss, Guy"]
[Result "1/2-1/2"]
[WhiteElo "2081"]
[BlackElo "2030"]
[PlyCount "61"]
[EventDate "2014.05.03"]
[WhiteTeam "Poisoned Pawns"]
[BlackTeam "Barbican 4NCL Youth"]

1. e4 c5 2. Nc3 Nc6 3. f4 d6 4. Bb5 Bd7 5. Nf3 Nd4 6. Bxd7+ Qxd7 7. d3 Nxf3+ 8.
Qxf3 g6 9. O-O Bg7 10. Be3 Nf6 11. h3 Qc6 12. Rad1 Nd7 13. f5 Ne5 14. Qg3 O-O
15. Nd5 Rfe8 16. Bg5 f6 17. Bf4 gxf5 18. Bxe5 dxe5 19. Rxf5 Rad8 20. Rdf1 Rxd5
21. exd5 Qxd5 22. b3 Kh8 23. Kh1 Bh6 24. Qf3 Qxf3 25. R5xf3 Bd2 26. g4 h6 27.
Kg2 Kg7 28. Kf2 Kg6 29. Ke2 Bc3 30. Ke3 Rd8 31. Rf5 1/2-1/2

[Event "4NCL Division 2d"]
[Site "Hinckley Island ENG"]
[Date "2014.05.03"]
[Round "9.76"]
[White "Stewart, Ashley"]
[Black "McMahon, Paul"]
[Result "1-0"]
[WhiteElo "2069"]
[BlackElo "1992"]
[PlyCount "113"]
[EventDate "2014.05.03"]
[WhiteTeam "Barbican 4NCL Youth"]
[BlackTeam "Poisoned Pawns"]

1. d4 Nf6 2. Nf3 d5 3. Bf4 Bf5 4. c4 c6 5. e3 dxc4 6. Bxc4 e6 7. O-O Nd5 8. Bg3
Bd6 9. Bxd6 Qxd6 10. Nc3 Nd7 11. Qe2 N7b6 12. Bb3 O-O 13. Rfd1 Rad8 14. h3 Nxc3
15. bxc3 Be4 16. Nd2 Bg6 17. Qf3 e5 18. Ne4 Qe7 19. Ng3 Nd5 20. Rac1 a5 21.
dxe5 Qxe5 22. Rd4 Nb6 23. Qd1 Rxd4 24. Qxd4 Qb5 25. c4 Qb4 26. c5 Qxd4 27. exd4
Nd5 28. Bxd5 cxd5 29. Re1 Bd3 30. Re7 Rb8 31. a3 Kf8 32. Rd7 Bc4 33. Nf5 Ke8
34. Rxb7 Rxb7 35. Nd6+ Kd7 36. Nxb7 a4 37. Nd6 Bd3 38. Nxf7 Bc2 39. f3 Ke7 40.
Nd6 Ke6 41. Kf2 Bg6 42. Ke3 Kd7 43. Kd2 Kc6 44. Kc3 h5 45. g3 h4 46. gxh4 Bh5
47. Nf5 Bxf3 48. Nxg7 Kd7 49. Nf5 Ke6 50. Nd6 Be2 51. Kb4 Bd1 52. h5 Bxh5 53.
Kxa4 Kd7 54. Kb5 Be2+ 55. Kb6 Bd1 56. h4 Ke6 57. Nb5 1-0

[Event "4NCL Division 2d"]
[Site "Hinckley Island ENG"]
[Date "2014.05.03"]
[Round "9.77"]
[White "Sucikova, Svetlana"]
[Black "Brett, Andrew R"]
[Result "1-0"]
[WhiteElo "1981"]
[BlackElo "2136"]
[PlyCount "59"]
[EventDate "2014.05.03"]
[WhiteTeam "Poisoned Pawns"]
[BlackTeam "Barbican 4NCL Youth"]

1. c4 g6 2. d4 Bg7 3. Nc3 d6 4. Nf3 Nf6 5. e3 O-O 6. Be2 Nbd7 7. O-O c6 8. b3
a6 9. Bb2 b5 10. d5 b4 11. dxc6 bxc3 12. cxd7 Nxd7 13. Ba3 Bb7 14. Nd4 Qa5 15.
Qc1 d5 16. c5 Qc7 17. c6 Bxc6 18. Qxc3 Rfc8 19. Rac1 Nb8 20. Qc5 Qd7 21. Rfd1
e6 22. Qb6 Qe8 23. Nxc6 Rxc6 24. Qb7 Rxc1 25. Rxc1 Nd7 26. Bxa6 Rb8 27. Qc6 Rd8
28. Bd6 f6 29. Bb5 Kf7 30. Bc7 1-0

[Event "4NCL Division 2d"]
[Site "Hinckley Island ENG"]
[Date "2014.05.03"]
[Round "9.81"]
[White "Sathyanandha, Saravanan"]
[Black "Padilla Cabero, Pablo"]
[Result "1-0"]
[WhiteElo "2193"]
[BlackElo "2166"]
[PlyCount "55"]
[EventDate "2014.05.03"]
[WhiteTeam "KJCA Kings"]
[BlackTeam "Brown Jack"]

1. e4 c5 2. c3 Nf6 3. e5 Nd5 4. d4 cxd4 5. Nf3 e6 6. cxd4 b6 7. Nc3 Nxc3 8.
bxc3 Qc7 9. Bd2 Ba6 10. Bxa6 Nxa6 11. Ng5 Be7 12. Qf3 O-O 13. h4 g6 14. Qd3 Qb7
15. O-O-O Rac8 16. Kb1 Nc7 17. Nxh7 Kxh7 18. h5 Rh8 19. hxg6+ Kg7 20. Bh6+ Kg8
21. Ka1 Nd5 22. Bd2 Kg7 23. Bh6+ Kg8 24. Bg5 Kg7 25. Qf3 fxg6 26. Rxh8 Rxc3 27.
Bh6+ Kxh8 28. Qf7 1-0

[Event "4NCL Division 2d"]
[Site "Hinckley Island ENG"]
[Date "2014.05.03"]
[Round "9.82"]
[White "Martin, Lewis"]
[Black "Jones, Victor GL"]
[Result "1-0"]
[WhiteElo "2045"]
[BlackElo "2222"]
[PlyCount "41"]
[EventDate "2014.05.03"]
[WhiteTeam "Brown Jack"]
[BlackTeam "KJCA Kings"]

1. d4 Nf6 2. c4 e6 3. Nf3 b6 4. g3 Bb7 5. Bg2 Be7 6. Nc3 d5 7. cxd5 exd5 8. O-O
O-O 9. Bg5 Nbd7 10. Ne5 h6 11. Bf4 c5 12. Nc4 Ba6 13. Ne3 cxd4 14. Qxd4 g5 15.
Nf5 gxf4 16. Qxf4 Ne8 17. Nxh6+ Kh7 18. Nxf7 Rxf7 19. Qxf7+ Ng7 20. Nxd5 Bf8
21. Qxd7 1-0

[Event "4NCL Division 2d"]
[Site "Hinckley Island ENG"]
[Date "2014.05.03"]
[Round "9.83"]
[White "Oswald, David C"]
[Black "Richmond, Peter A"]
[Result "1-0"]
[WhiteElo "2108"]
[BlackElo "2185"]
[PlyCount "75"]
[EventDate "2014.05.03"]
[WhiteTeam "KJCA Kings"]
[BlackTeam "Brown Jack"]

1. e4 c5 2. d4 g6 3. Nf3 Bg7 4. Bc4 cxd4 5. c3 d3 6. O-O Nc6 7. Bf4 d6 8. Ng5
e6 9. Qxd3 Be5 10. Be3 Bf6 11. f4 Nge7 12. Na3 d5 13. exd5 exd5 14. Bb3 O-O 15.
Rad1 d4 16. cxd4 Nd5 17. Bxd5 Qxd5 18. Ne4 Bg7 19. Nc3 Qh5 20. d5 Bf5 21. Qb5
Nd8 22. Bd4 Bg4 23. Rd2 Bxd4+ 24. Rxd4 Rc8 25. Re1 Qh4 26. Qf1 b6 27. Nab5 Nb7
28. Nxa7 Rce8 29. Rde4 Rxe4 30. Nxe4 Bd7 31. Nc6 f5 32. Ng5 Nd6 33. g3 Qh5 34.
Qf3 Qxf3 35. Nxf3 Ne4 36. Nfe5 Be8 37. Rd1 Rf6 38. Ne7+ 1-0

[Event "4NCL Division 2d"]
[Site "Hinckley Island ENG"]
[Date "2014.05.03"]
[Round "9.84"]
[White "Girdlestone, Paul C"]
[Black "Jones, William EG"]
[Result "1/2-1/2"]
[WhiteElo "2131"]
[BlackElo "2124"]
[PlyCount "57"]
[EventDate "2014.05.03"]
[WhiteTeam "Brown Jack"]
[BlackTeam "KJCA Kings"]

1. d4 Nf6 2. Nf3 g6 3. c4 Bg7 4. g3 O-O 5. Bg2 d6 6. O-O Nc6 7. d5 Na5 8. Qa4
c5 9. dxc6 Nxc6 10. Nc3 Bd7 11. Bd2 Rc8 12. Qa3 Bf5 13. Rac1 Ne4 14. Nxe4 Bxe4
15. b4 Qd7 16. Rfd1 Nd4 17. Nxd4 Bxg2 18. Kxg2 Bxd4 19. Bh6 Bg7 20. Bxg7 Kxg7
21. Qxa7 Qc6+ 22. f3 Ra8 23. Qd4+ Kg8 24. b5 Qc7 25. Rd2 Ra4 26. Qd5 b6 27.
Rcc2 Rc8 28. Rd4 Rca8 29. Rdd2 1/2-1/2

[Event "4NCL Division 2d"]
[Site "Hinckley Island ENG"]
[Date "2014.05.03"]
[Round "9.85"]
[White "Ball, Laurence"]
[Black "Richmond, Jane"]
[Result "1/2-1/2"]
[WhiteElo "2096"]
[BlackElo "2078"]
[PlyCount "85"]
[EventDate "2014.05.03"]
[WhiteTeam "KJCA Kings"]
[BlackTeam "Brown Jack"]

1. e4 e5 2. Nc3 Nf6 3. Bc4 Bb4 4. Nge2 d6 5. O-O Nc6 6. d3 Be6 7. Nd5 Bc5 8.
Bg5 Bxd5 9. Bxd5 h6 10. Bxf6 Qxf6 11. c3 Nd8 12. a4 c6 13. Bc4 a6 14. d4 Ba7
15. a5 Ne6 16. d5 Nc7 17. dxc6 bxc6 18. Qa4 Nb5 19. Bxb5 axb5 20. Qc2 Qe6 21.
Kh1 O-O 22. f4 exf4 23. Nxf4 Qe5 24. Rae1 Rae8 25. b4 d5 26. Nd3 Qh5 27. exd5
cxd5 28. Nf4 Rxe1 29. Rxe1 Qg5 30. g3 Rd8 31. Qe2 d4 32. cxd4 Bxd4 33. Qe7 Bc3
34. h4 Qxe7 35. Rxe7 Bxb4 36. Rb7 Bxa5 37. Rxb5 Bc7 38. Ne2 Rd2 39. Rc5 Bd6 40.
Rc8+ Kh7 41. Re8 h5 42. Kg2 Rd3 43. Re4 1/2-1/2

[Event "4NCL Division 2d"]
[Site "Hinckley Island ENG"]
[Date "2014.05.03"]
[Round "9.86"]
[White "Rabbitt, Michael"]
[Black "Tambini, Jasper"]
[Result "0-1"]
[WhiteElo "2060"]
[BlackElo "2037"]
[PlyCount "52"]
[EventDate "2014.05.03"]
[WhiteTeam "Brown Jack"]
[BlackTeam "KJCA Kings"]

1. e4 e5 2. Nf3 Nc6 3. Nc3 Nf6 4. g3 Bc5 5. Bg2 d6 6. O-O a6 7. d3 Bg4 8. h3
Bh5 9. g4 Bg6 10. Qe2 h5 11. g5 Nh7 12. Nd5 Ne7 13. b4 Ba7 14. Be3 Nxd5 15.
exd5 Bxe3 16. Qxe3 O-O 17. c4 f6 18. Nh4 Qe8 19. gxf6 Rxf6 20. Kh1 Rf4 21. Nxg6
Qxg6 22. Rac1 Ng5 23. Rc2 Qf5 24. Rfc1 Rf3 25. Bxf3 Qxh3+ 26. Kg1 Nxf3+ 0-1

[Event "4NCL Division 2d"]
[Site "Hinckley Island ENG"]
[Date "2014.05.03"]
[Round "9.88"]
[White "Whatley, Stephen AJ (jnr)"]
[Black "Giles, Yasmin"]
[Result "1-0"]
[WhiteElo "1865"]
[BlackElo "1865"]
[PlyCount "63"]
[EventDate "2014.05.03"]
[WhiteTeam "Brown Jack"]
[BlackTeam "KJCA Kings"]

1. Nf3 d5 2. d4 Nf6 3. Bg5 Ne4 4. Bf4 Nd7 5. e3 Ndf6 6. Bd3 Bg4 7. h3 Bh5 8. g4
Bg6 9. Ne5 Nd7 10. Nxg6 hxg6 11. c3 c6 12. Qc2 g5 13. Bh2 Nef6 14. Nd2 Rxh3 15.
O-O-O Rh6 16. Rdg1 Rh4 17. Nf3 Rxg4 18. Bg3 Ne4 19. Nh2 Rxg3 20. fxg3 Ndf6 21.
Nf3 g4 22. Ne5 Qc8 23. Rh8 Qf5 24. Qe2 a6 25. Rf1 Qg5 26. Bxe4 dxe4 27. Rf4 Nd5
28. Rxf7 O-O-O 29. Rfxf8 Rxf8 30. Rxf8+ Kc7 31. Nxg4 Qh5 32. Kd2 1-0

[Event "4NCL Division 3"]
[Site "Daventry Court ENG"]
[Date "2014.05.04"]
[Round "10.55"]
[White "Walker, David J"]
[Black "Martin, Andrew D"]
[Result "1/2-1/2"]
[WhiteElo "2271"]
[BlackElo "2386"]
[PlyCount "63"]
[EventDate "2014.05.04"]
[WhiteTeam "North East England 1"]
[BlackTeam "Guildford 3"]

1. c4 e5 2. g3 Nf6 3. Bg2 d5 4. cxd5 Nxd5 5. Nc3 Nb6 6. Nf3 Nc6 7. O-O Be7 8.
a3 O-O 9. b4 Be6 10. d3 f6 11. Rb1 Qd7 12. Ne4 Nd5 13. Bb2 Rad8 14. Qc2 Bh3 15.
b5 Nb8 16. d4 Bxg2 17. Kxg2 exd4 18. Bxd4 b6 19. Nc3 Nxc3 20. Qxc3 Bd6 21. a4
Rfe8 22. Be3 Qf7 23. Rfd1 Nd7 24. Qc2 Ne5 25. Nxe5 Bxe5 26. Rxd8 Rxd8 27. Rd1
Rxd1 28. Qxd1 Bd6 29. Qd4 Qe6 30. Kf3 Qf5+ 31. Kg2 Qe6 32. Kf3 1/2-1/2

[Event "4NCL Division 3"]
[Site "Daventry Court ENG"]
[Date "2014.05.04"]
[Round "10.56"]
[White "Wall, Gavin"]
[Black "Dunn, Andrew"]
[Result "1-0"]
[WhiteElo "2315"]
[BlackElo "2227"]
[PlyCount "75"]
[EventDate "2014.05.04"]
[WhiteTeam "Guildford 3"]
[BlackTeam "North East England 1"]

1. e4 c6 2. d4 d5 3. f3 e6 4. Nc3 Bb4 5. Bf4 Ne7 6. Qd3 b6 7. Qe3 Ba6 8. Nge2
Nd7 9. a3 Bxc3+ 10. Nxc3 Bxf1 11. Rxf1 b5 12. Kf2 Nb6 13. b3 Ng6 14. Bg3 O-O
15. Kg1 Qd7 16. a4 f5 17. exf5 exf5 18. Qd3 f4 19. Bf2 a6 20. Rfe1 Rae8 21.
axb5 axb5 22. Na2 Qd6 23. Qc3 Nd7 24. Nb4 Nb8 25. Rxe8 Rxe8 26. Ra7 Qe6 27. Rc7
Qd6 28. Rb7 Nf8 29. Nd3 Nbd7 30. Qa5 Re2 31. Qb4 Qf6 32. Qc3 Re6 33. Rc7 Rd6
34. Ne5 Nb8 35. Qa5 Ne6 36. Rb7 Rd8 37. Qa7 Qf5 38. Rxb8 1-0

[Event "4NCL Division 3"]
[Site "Daventry Court ENG"]
[Date "2014.05.04"]
[Round "10.57"]
[White "Dargan, Paul AG"]
[Black "Povah, Nigel E"]
[Result "0-1"]
[WhiteElo "2163"]
[BlackElo "2297"]
[PlyCount "88"]
[EventDate "2014.05.04"]
[WhiteTeam "North East England 1"]
[BlackTeam "Guildford 3"]

1. e4 c5 2. c3 d5 3. exd5 Qxd5 4. d4 Nf6 5. Nf3 Bg4 6. Nbd2 Nbd7 7. Bc4 Bxf3 8.
Qb3 Bxg2 9. Bxd5 Bxd5 10. Qb5 Bxh1 11. f3 Bg2 12. Qxb7 Rb8 13. Qc7 e5 14. dxe5
Nd5 15. Qc6 Ne7 16. Qe4 Bh3 17. Nc4 Nc8 18. e6 Bxe6 19. Bf4 Be7 20. Bxb8 Nxb8
21. Ne5 O-O 22. Rd1 Bd6 23. f4 Re8 24. Kf2 f6 25. Qa4 Kf8 26. Nc4 Bxf4 27. Qb5
Kf7 28. Qxc5 g5 29. h4 h6 30. hxg5 hxg5 31. Rh1 Kg6 32. Qb5 Bd7 33. Qb7 Ne7 34.
Qf3 Kg7 35. Qh5 Ng8 36. Qh8+ Kf7 37. Rh7+ Ke6 38. Qg7 Ne7 39. Qf7+ Kf5 40. Rh6
Ng8 41. Rg6 Kg4 42. Na5 Bg3+ 43. Kf1 Re1+ 44. Kg2 Bf5 0-1

[Event "4NCL Division 3"]
[Site "Daventry Court ENG"]
[Date "2014.05.04"]
[Round "10.58"]
[White "Osborne, Marcus E"]
[Black "Wise, David"]
[Result "1-0"]
[WhiteElo "2262"]
[BlackElo "2102"]
[PlyCount "65"]
[EventDate "2014.05.04"]
[WhiteTeam "Guildford 3"]
[BlackTeam "North East England 1"]

1. d4 e6 2. c4 f5 3. Nc3 Nf6 4. Nf3 d5 5. Bf4 c6 6. e3 Bd6 7. Bxd6 Qxd6 8. Ne5
Nbd7 9. f4 O-O 10. Qc2 Ne4 11. Bd3 Nxc3 12. Qxc3 Nxe5 13. fxe5 Qe7 14. O-O Bd7
15. c5 g5 16. b4 Rf7 17. a4 Raf8 18. b5 Qd8 19. Rab1 Be8 20. a5 f4 21. exf4
Rxf4 22. a6 bxa6 23. b6 Bd7 24. b7 Qc7 25. Rxf4 gxf4 26. Bxh7+ Kxh7 27. Qh3+
Kg7 28. Qg4+ Kh6 29. Rb3 f3 30. b8=Q Qxb8 31. Rxb8 Rxb8 32. Qh4+ Kg6 33. Qf6+
1-0

[Event "4NCL Division 3"]
[Site "Daventry Court ENG"]
[Date "2014.05.04"]
[Round "10.59"]
[White "Henderson, David"]
[Black "Granat, Russell G"]
[Result "0-1"]
[WhiteElo "2102"]
[BlackElo "2192"]
[PlyCount "52"]
[EventDate "2014.05.04"]
[WhiteTeam "North East England 1"]
[BlackTeam "Guildford 3"]

1. e4 Nc6 2. Nf3 e5 3. Bc4 d6 4. d4 Nxd4 5. Nxd4 exd4 6. Qxd4 Qf6 7. Qd3 Be6 8.
Nc3 c6 9. O-O Be7 10. Be3 Bxc4 11. Qxc4 Qe6 12. Qd3 Nf6 13. f4 Ng4 14. Bd4 Bf6
15. Rad1 Rd8 16. h3 Ne5 17. Qg3 Nd7 18. Rf2 O-O 19. Rfd2 Qe7 20. Bxa7 Bxc3 21.
Qxc3 Nf6 22. Bb6 Rd7 23. e5 Ne4 24. exd6 Rxd6 25. Rxd6 Nxc3 26. bxc3 h6 0-1

[Event "4NCL Division 3"]
[Site "Daventry Court ENG"]
[Date "2014.05.04"]
[Round "10.60"]
[White "Shepley, Julien M"]
[Black "Prasath, Malola TS"]
[Result "1/2-1/2"]
[WhiteElo "1991"]
[BlackElo "2052"]
[PlyCount "46"]
[EventDate "2014.05.04"]
[WhiteTeam "Guildford 3"]
[BlackTeam "North East England 1"]

1. e4 Nc6 2. d4 e5 3. Nf3 exd4 4. Bc4 d6 5. c3 d3 6. Qb3 Qe7 7. O-O Ne5 8. Nxe5
dxe5 9. Bxd3 Nf6 10. Nd2 c6 11. Nc4 Be6 12. a4 Rd8 13. Bc2 Qc7 14. Bg5 h6 15.
Bh4 Be7 16. Bg3 Bxc4 17. Qxc4 O-O 18. Qe2 Rd7 19. f4 Bd6 20. fxe5 Bxe5 21. Rxf6
gxf6 22. Qg4+ Kh7 23. Qf5+ Kg8 1/2-1/2

[Event "4NCL Division 3"]
[Site "Daventry Court ENG"]
[Date "2014.05.04"]
[Round "10.65"]
[White "Byron, Alan M"]
[Black "Menzies, Colin W"]
[Result "1/2-1/2"]
[WhiteElo "2156"]
[BlackElo "2138"]
[PlyCount "100"]
[EventDate "2014.05.04"]
[WhiteTeam "e2e4.org.uk 2"]
[BlackTeam "Anglian Avengers 2"]

1. e4 c5 2. Nc3 a6 3. Nf3 b5 4. d3 e6 5. a4 b4 6. Nb1 Bb7 7. Nbd2 Nc6 8. g3 Bd6
9. Bg2 Nge7 10. O-O Bc7 11. Nb3 d6 12. e5 Nxe5 13. Nxe5 Bxg2 14. Nxf7 Kxf7 15.
Kxg2 Rf8 16. Qe2 Qd7 17. d4 Qc6+ 18. Kg1 c4 19. Nd2 d5 20. Nf3 Kg8 21. c3 b3
22. Ng5 Rf6 23. f4 Nf5 24. Be3 Raf8 25. Nf3 Qe8 26. Rf2 Nd6 27. Rg2 Qh5 28. Ne5
Qxe2 29. Rxe2 Ne4 30. Nd7 Re8 31. Nxf6+ gxf6 32. Kg2 Kf7 33. Kf3 Kg6 34. Rg1
Rb8 35. Bd2 f5 36. h3 Ba5 37. Be1 h5 38. Reg2 Rb7 39. Rh1 Nf6 40. Re2 Kf7 41.
Ke3 Rb8 42. Kf3 Rh8 43. Bd2 Ne4 44. Be1 Rb8 45. g4 hxg4+ 46. hxg4 fxg4+ 47.
Kxg4 Bxc3 48. Bxc3 Rg8+ 49. Kh3 Rh8+ 50. Kg2 Rg8+ 1/2-1/2

[Event "4NCL Division 3"]
[Site "Daventry Court ENG"]
[Date "2014.05.04"]
[Round "10.66"]
[White "Tozer, Philip AA"]
[Black "Barnes, Michael H"]
[Result "0-1"]
[WhiteElo "2151"]
[BlackElo "2200"]
[PlyCount "70"]
[EventDate "2014.05.04"]
[WhiteTeam "Anglian Avengers 2"]
[BlackTeam "e2e4.org.uk 2"]

1. c4 g6 2. g3 Bg7 3. Nc3 c5 4. Nf3 Nc6 5. Bg2 e5 6. O-O Nge7 7. a3 O-O 8. Ne1
d6 9. Nc2 Be6 10. Ne3 Qd7 11. d3 Bh3 12. Rb1 Bxg2 13. Kxg2 f5 14. Ned5 f4 15.
b4 Nxd5 16. Nxd5 Nd4 17. f3 h5 18. e3 fxe3 19. Bxe3 b6 20. Bxd4 cxd4 21. b5 Bh6
22. Qe2 Kg7 23. a4 h4 24. g4 h3+ 25. Kh1 Rf7 26. Rg1 Bf4 27. Ra1 Raf8 28. a5
bxa5 29. Rxa5 Be3 30. Nxe3 dxe3 31. Rg3 Qb7 32. Qxe3 Rxf3 33. Qe4 Rf1+ 34. Rg1
Rxg1+ 35. Kxg1 Qb6+ 0-1

[Event "4NCL Division 3"]
[Site "Daventry Court ENG"]
[Date "2014.05.04"]
[Round "10.67"]
[White "Josse, Mark"]
[Black "LeMoir, David A"]
[Result "1-0"]
[WhiteElo "2166"]
[BlackElo "2114"]
[PlyCount "53"]
[EventDate "2014.05.04"]
[WhiteTeam "e2e4.org.uk 2"]
[BlackTeam "Anglian Avengers 2"]

1. d4 d5 2. c4 Nc6 3. Nc3 e5 4. cxd5 Nxd4 5. e3 Nf5 6. e4 Nd4 7. f4 Qf6 8. fxe5
Qxe5 9. Nf3 Nxf3+ 10. Qxf3 Bd6 11. Bb5+ Bd7 12. Bxd7+ Kxd7 13. Qh3+ f5 14. O-O
Rf8 15. Bf4 Qd4+ 16. Be3 Qe5 17. Rad1 Kd8 18. exf5 Nf6 19. Bd4 Qe7 20. Rfe1 Qd7
21. Re6 a6 22. a3 h5 23. Qh4 Kc8 24. h3 Kb8 25. Rde1 Ne8 26. Qg5 Qf7 27. Qd8#
1-0

[Event "4NCL Division 3"]
[Site "Daventry Court ENG"]
[Date "2014.05.04"]
[Round "10.68"]
[White "Gregory, Stephen J"]
[Black "Morley, Andrew J"]
[Result "1/2-1/2"]
[WhiteElo "2054"]
[BlackElo "2062"]
[PlyCount "92"]
[EventDate "2014.05.04"]
[WhiteTeam "Anglian Avengers 2"]
[BlackTeam "e2e4.org.uk 2"]

1. e4 c5 2. Nf3 Nc6 3. d3 g6 4. g3 Bg7 5. Bg2 e5 6. O-O Nge7 7. c3 O-O 8. a3 d5
9. b4 dxe4 10. dxe4 Be6 11. Qe2 h6 12. Be3 cxb4 13. axb4 a6 14. Na3 Qc7 15. b5
Na5 16. Nd2 Rfd8 17. Rfc1 Rxd2 18. Bxd2 Nb3 19. bxa6 Nxc1 20. Rxc1 Rxa6 21. Nc2
Rd6 22. Qe1 Nc6 23. Be3 Na5 24. Na3 Qc6 25. Rb1 Nc4 26. Nxc4 Bxc4 27. h4 h5 28.
Kh2 Bf8 29. f4 Bd3 30. Rb4 f6 31. Qa1 Kg7 32. fxe5 fxe5 33. Qa5 b5 34. Rb2 Rd7
35. Rf2 Bc5 36. Bxc5 Qxc5 37. Qa2 Bc4 38. Qb2 Qe3 39. Rf3 Qc5 40. Bh3 Rd1 41.
Qf2 Qxf2+ 42. Rxf2 Rc1 43. Rf3 Re1 44. Bg2 Rxe4 45. Rf2 Re3 46. Rc2 Re2 1/2-1/2

[Event "4NCL Division 3"]
[Site "Daventry Court ENG"]
[Date "2014.05.04"]
[Round "10.69"]
[White "Mansson, James C"]
[Black "Myall, Ivan J"]
[Result "1-0"]
[WhiteElo "2102"]
[BlackElo "2054"]
[PlyCount "81"]
[EventDate "2014.05.04"]
[WhiteTeam "e2e4.org.uk 2"]
[BlackTeam "Anglian Avengers 2"]

1. d4 Nf6 2. c4 e6 3. Nc3 Bb4 4. e3 O-O 5. Nge2 d5 6. a3 Be7 7. Nf4 c6 8. Bd3
Nbd7 9. cxd5 exd5 10. O-O Re8 11. Bc2 Nf8 12. f3 Ne6 13. Nxe6 Bxe6 14. h3 Qc8
15. g4 g6 16. f4 Kh8 17. Qf3 Ng8 18. Bd2 f5 19. g5 Bf8 20. Rfc1 Qd8 21. b4 a6
22. Na4 b6 23. Bb3 Ne7 24. Nb2 Bg7 25. Rab1 Rc8 26. Nd3 Rc7 27. h4 h5 28. a4
Kh7 29. Rc2 Nc8 30. Rbc1 Na7 31. Nf2 Bf7 32. Nd3 Rc8 33. a5 Be6 34. axb6 Qxb6
35. Nc5 Ra8 36. Qf1 Nb5 37. Na4 Qa7 38. Rxc6 Bxd4 39. exd4 Nxd4 40. Rc7+ Kg8
41. Rxa7 1-0

[Event "4NCL Division 3"]
[Site "Daventry Court ENG"]
[Date "2014.05.04"]
[Round "10.70"]
[White "Scott, Gordon W"]
[Black "Milson, Samuel A"]
[Result "1-0"]
[WhiteElo "2070"]
[BlackElo "2044"]
[PlyCount "121"]
[EventDate "2014.05.04"]
[WhiteTeam "Anglian Avengers 2"]
[BlackTeam "e2e4.org.uk 2"]

1. d4 d5 2. c4 c6 3. Nf3 Nf6 4. Nc3 a6 5. c5 g6 6. Bf4 Bg7 7. h3 Nbd7 8. e3 Ne4
9. Nxe4 dxe4 10. Nd2 O-O 11. Nxe4 e5 12. dxe5 Qa5+ 13. Qd2 Qxd2+ 14. Kxd2 Nxe5
15. Nd6 Nd7 16. Nxc8 Raxc8 17. Bd6 Rfd8 18. Kc2 Nf6 19. Bd3 Ne8 20. Bg3 Rd5 21.
Rad1 Rxc5+ 22. Kb1 Rd5 23. Bc4 Rdd8 24. e4 b5 25. Bb3 a5 26. a3 Nf6 27. f3 Nd7
28. Bh4 Bf6 29. Bxf6 Nxf6 30. e5 Nd5 31. Bxd5 cxd5 32. Rc1 d4 33. Rxc8 Rxc8 34.
Rc1 Rb8 35. Rc5 Kf8 36. Kc2 a4 37. Kd3 b4 38. Kxd4 bxa3 39. bxa3 Rb2 40. g4
Rd2+ 41. Ke4 Ra2 42. Rc3 Ke7 43. f4 Ra1 44. Rc7+ Ke8 45. Rc6 Ke7 46. Kd5 h6 47.
Rc7+ Ke8 48. Rc3 Kd7 49. Rd3 Ra2 50. h4 Rh2 51. Ke4+ Ke7 52. h5 gxh5 53. gxh5
Ra2 54. Kf5 Ra1 55. Rc3 Ra2 56. Rc7+ Ke8 57. Kf6 Rxa3 58. Re7+ Kd8 59. Rxf7 Rf3
60. f5 a3 61. Ra7 1-0

[Event "4NCL Division 3"]
[Site "Daventry Court ENG"]
[Date "2014.05.04"]
[Round "10.75"]
[White "Therrien, Alex L"]
[Black "Carleton, John J"]
[Result "0-1"]
[WhiteElo "2243"]
[BlackElo "2233"]
[PlyCount "72"]
[EventDate "2014.05.04"]
[WhiteTeam "Sussex Smart Survivors 1"]
[BlackTeam "Spirit of Atticus A"]

1. d4 Nf6 2. c4 Nc6 3. Nf3 e6 4. g3 Bb4+ 5. Nbd2 O-O 6. Bg2 d6 7. O-O Bxd2 8.
Qxd2 e5 9. d5 Nb8 10. Ne1 Nbd7 11. b3 Re8 12. Bb2 a5 13. e4 Nc5 14. f3 Bd7 15.
Nd3 b6 16. Nxc5 bxc5 17. f4 Qe7 18. fxe5 dxe5 19. Ba3 Bc8 20. Qe3 Nd7 21. Bh3
a4 22. Bxd7 Qxd7 23. Bxc5 axb3 24. axb3 Rxa1 25. Rxa1 Qg4 26. Rf1 Qh5 27. b4
Bh3 28. Ra1 Bg4 29. b5 Be2 30. Qc3 h6 31. Qc2 Qf3 32. b6 cxb6 33. Bxb6 Bd3 34.
Qc3 Rc8 35. Re1 Rxc4 36. Qxe5 Rc2 0-1

[Event "4NCL Division 3"]
[Site "Daventry Court ENG"]
[Date "2014.05.04"]
[Round "10.76"]
[White "Ivell, Nicholas W"]
[Black "Lim, Zhuo Ren"]
[Result "0-1"]
[WhiteElo "2279"]
[BlackElo "2191"]
[PlyCount "158"]
[EventDate "2014.05.04"]
[WhiteTeam "Spirit of Atticus A"]
[BlackTeam "Sussex Smart Survivors 1"]

1. e4 c6 2. d4 d5 3. exd5 cxd5 4. Bd3 Nc6 5. c3 Nf6 6. Bf4 g6 7. Nf3 Bg7 8. O-O
O-O 9. Re1 Nh5 10. Be3 Qc7 11. Nbd2 h6 12. Rc1 Be6 13. a3 Rad8 14. b4 Nf6 15.
h3 Bf5 16. Bf1 g5 17. Ne5 Nxe5 18. dxe5 Ne4 19. Nf3 Bxe5 20. Nxe5 Qxe5 21. f3
Bxh3 22. fxe4 dxe4 23. Qh5 Bf5 24. Qxh6 f6 25. Bc4+ e6 26. Qh2 Qxh2+ 27. Kxh2
b6 28. Kg3 Kg7 29. Be2 e5 30. Red1 Be6 31. Kf2 g4 32. Rxd8 Rxd8 33. Rd1 Rc8 34.
Bd2 f5 35. Ke3 Bd5 36. g3 Kf6 37. Be1 Ke6 38. Bd2 Rf8 39. Rf1 Rh8 40. Be1 Rh2
41. Ba6 Rh8 42. Bb5 Ba8 43. Be2 Bb7 44. Kd2 Rd8+ 45. Ke3 Rh8 46. Kd2 Rh2 47.
Rf2 Rh1 48. Rf1 Rh2 49. Rf2 Rh3 50. Rf1 Bc6 51. Ba6 Rh8 52. Be2 Bd7 53. Ke3 Rh2
54. Rf2 Rh3 55. Kd2 e3+ 56. Kxe3 Rxg3+ 57. Kd2 Rh3 58. Rg2 Kf6 59. Bg3 f4 60.
Bxf4 exf4 61. Bxg4 Rg3 62. Rxg3 fxg3 63. Bf3 Ke5 64. Ke3 Be6 65. Be2 Bd5 66. a4
a5 67. bxa5 bxa5 68. Bf3 Kd6 69. c4 Bxc4 70. Kf4 Kc5 71. Kxg3 Kb4 72. Bc6 Bb3
73. Kf2 Bxa4 74. Bd5 Bb5 75. Ke1 Kc3 76. Kd1 Kb2 77. Kd2 a4 78. Ke3 a3 79. Kd4
Ba4 0-1